000 00511nam a22001577a 4500
008 131016b xxu||||| |||| 00| 0 eng d
020 _a972-570-067-8
100 _aPOLLARD, Michael
245 _aMargaret Mead
_bA famosa antropologista que ajudou as pessoas a compreenderem as culturas de outros paises
_cMichael Pollard
250 _a1ยช ed.
260 _aLisboa
_bEditora Replicacao
_c1994
300 _a64p
440 _aCientistas que transformaram o mundo
_n067
650 _aBiografia
942 _2udc
_cBK
999 _c27125
_d27125